ESSENTIAL AMERICAN GOVERNMENT EVERYTHING YOU NEED TO UNDERSTAND OUR DEMOCRATIC SYSTEM / (Record no. 615595)

000 -LEADER
fixed length control field 01730nam a22001337a 4500
020 ## - INTERNATIONAL STANDARD BOOK NUMBER
Qualifying information HB
040 ## - CATALOGING SOURCE
Transcribing agency FIZZA ISHAQ
082 ## - DEWEY DECIMAL CLASSIFICATION NUMBER
Classification number 320.973
Author Mark NIC
100 ## - MAIN ENTRY--PERSONAL NAME
Personal name NICK,RAGONE.
9 (RLIN) 132393
245 ## - TITLE STATEMENT
Title ESSENTIAL AMERICAN GOVERNMENT EVERYTHING YOU NEED TO UNDERSTAND OUR DEMOCRATIC SYSTEM /
Statement of responsibility, etc. NICK RAGONE.
260 ## - PUBLICATION, DISTRIBUTION, ETC.
Place of publication, distribution, etc. NEW YORK; NEW YORK;
Name of publisher, distributor, etc. ADAMS MEDIA;
Date of publication, distribution, etc. 2005.
300 ## - PHYSICAL DESCRIPTION
Extent 305 P. ;
Dimensions 9.5X8IN
942 ## - ADDED ENTRY ELEMENTS (KOHA)
Source of classification or shelving scheme
Koha item type Book
Holdings
Withdrawn status Lost status Source of classification or shelving scheme Damaged status Not for loan Permanent Location Current Location Shelving location Date acquired Total Checkouts Full call number Barcode Date last seen Price effective from Koha item type
          NUST Baluchistan Campus (NBC) NUST Baluchistan Campus (NBC) General Stacks 12/17/2025   320.973 NIC QD-879 12/17/2025 12/17/2025 Book
© 2023 Central Library, National University of Sciences and Technology. All Rights Reserved.